5HLuxD.jpg

KING HENRY VIII SENIOR AND PRIMARY SCHOOL LIBRARY OPAC

Jerzy Grotowski / (Record no. 2944)

000 -LEADER
fixed length control field 00950cam a2200289 i 4500
001 - CONTROL NUMBER
control field 20112930
003 - CONTROL NUMBER IDENTIFIER
control field OSt
005 - DATE AND TIME OF LATEST TRANSACTION
control field 20230913092807.0
008 - FIXED-LENGTH DATA ELEMENTS--GENERAL INFORMATION
fixed length control field 171031s2018 enka b 001 0deng
010 ## - LIBRARY OF CONGRESS CONTROL NUMBER
LC control number 2017045319
020 ## - INTERNATIONAL STANDARD BOOK NUMBER
International Standard Book Number 9780815386797 (softcover)
040 ## - CATALOGING SOURCE
Original cataloging agency DLC
Language of cataloging eng
Transcribing agency DLC
Description conventions rda
Modifying agency DLC
-- KH8
042 ## - AUTHENTICATION CODE
Authentication code pcc
082 00 - DEWEY DECIMAL CLASSIFICATION NUMBER
Classification number 792.02 SLO
Edition number 23
100 1# - MAIN ENTRY--PERSONAL NAME
Personal name Slowiak, James
Relator term author.
245 10 - TITLE STATEMENT
Title Jerzy Grotowski /
Statement of responsibility, etc. James Slowiak and Jairo Cuesta.
250 ## - EDITION STATEMENT
Edition statement First Edition.
264 #1 - PRODUCTION, PUBLICATION, DISTRIBUTION, MANUFACTURE, AND COPYRIGHT NOTICE
Place of production, publication, distribution, manufacture Milton Park, Abingdon, Oxon ;
-- New York, NY :
Name of producer, publisher, distributor, manufacturer Routledge,
Date of production, publication, distribution, manufacture, or copyright notice 2018.
300 ## - PHYSICAL DESCRIPTION
Extent xvi, 182 pages :
Other physical details illustrations ;
Dimensions 21 cm
336 ## - CONTENT TYPE
Content type term text
Content type code txt
Source rdacontent
337 ## - MEDIA TYPE
Media type term unmediated
Media type code n
Source rdamedia
338 ## - CARRIER TYPE
Carrier type term volume
Carrier type code nc
Source rdacarrier
504 ## - BIBLIOGRAPHY, ETC. NOTE
Bibliography, etc. note Includes bibliographical references (pages 166-176) and index.
600 10 - SUBJECT ADDED ENTRY--PERSONAL NAME
Personal name Grotowski, Jerzy,
Dates associated with a name 1933-1999
General subdivision Criticism and interpretation.
700 1# - ADDED ENTRY--PERSONAL NAME
Personal name Cuesta, Jairo
Relator term author.
942 ## - ADDED ENTRY ELEMENTS (KOHA)
Source of classification or shelving scheme
Koha item type Teaching Resources
Holdings
Withdrawn status Lost status Source of classification or shelving scheme Damaged status Not for loan Collection code Permanent Location Current Location Shelving location Date acquired Full call number Barcode Date last seen Price effective from Koha item type
          Teaching Resources KH8 Senior School Library KH8 Senior School Library Staff Office 2023-09-13 792.02 SLO TRKHSL003076 2023-09-13 2023-09-13 Teaching Resources

Powered By KH8 IT Dept